000 00358nam a2200169Ia 4500
008 230605s9999 xx 000 0 und d
041 _aeng
100 _avaz
245 _amarketing managment (vaz new
250 _a1st
260 _bmanan prakashan
300 _a139
365 _b72
_h10
500 _a2160
520 _aGeneral
650 _aM.M.
999 _c419317
_d419317